Epistolae, quae per totum annum leguntur, tam de tempore, quam de Sanctis, ex Missali Romano, Clementis VIII primvm, nunc denuo Vrbani Papae VIII. Auctoritate recognito.. (Record no. 10784)

MARC details
000 -CABECERA
campo de control de longitud fija 00669nam a22001697a 4500
003 - IDENTIFICADOR DEL NÚMERO DE CONTROL
campo de control FranzMayer
005 - FECHA Y HORA DE LA ÚLTIMA TRANSACCIÓN
campo de control 20191004132253.0
008 - DATOS DE LONGITUD FIJA--INFORMACIÓN GENERAL
campo de control de longitud fija 191004b ||||| |||| 00| 0 eng d
040 ## - FUENTE DE LA CATALOGACIÓN
Centro/agencia transcriptor Franz
050 ## - SIGNATURA TOPOGRÁFICA DE LA BIBLIOTECA DEL CONGRESO
Número de clasificación LM29
Número de documento/Ítem .E65 1769
245 ## - MENCIÓN DE TÍTULO
Título Epistolae, quae per totum annum leguntur, tam de tempore, quam de Sanctis, ex Missali Romano, Clementis VIII primvm, nunc denuo Vrbani Papae VIII. Auctoritate recognito..
260 ## - PUBLICACIÓN, DISTRIBUCIÓN, ETC.
Lugar de publicación, distribución, etc. Matriti :
Nombre del editor, distribuidor, etc. Typis D. Francisci Emmanuelis de Mena Bibliopolae
Fecha de publicación, distribución, etc. 1769
500 ## - NOTA GENERAL
Nota general Estado físico : en mal estado, separado para restauración
500 ## - NOTA GENERAL
Nota general LM-29
650 ## - PUNTO DE ACCESO ADICIONAL DE MATERIA--TÉRMINO DE MATERIA
Término de materia o nombre geográfico como elemento de entrada Leccionarios
Subdivisión general Epístolas
Subdivisión cronológica Siglo XVIII
9 (RLIN) 28349
942 ## - ELEMENTOS DE PUNTO DE ACCESO ADICIONAL (KOHA)
Fuente del sistema de clasificación o colocación Library of Congress Classification
Tipo de ítem Koha Libros
Holdings
Estado de retiro Estado de pérdida Fuente del sistema de clasificación o colocación Estado dañado No para préstamo Código de colección Localización permanente Ubicación/localización actual Fecha de adquisición Número de inventario Total de préstamos Signatura topográfica completa Código de barras Fecha visto por última vez Precio válido a partir de Tipo de ítem Koha
El ejemplar forma parte de la colección y puede ser consultado según las políticas vigentes.   Library of Congress Classification     Conventual Franz Mayer Biblioteca del Museo Franz Mayer (Rogerio Casas-Alatriste) Biblioteca del Museo Franz Mayer (Rogerio Casas-Alatriste) 04/10/2019 LM-29   LM29 .E65 1769 CFM00495 04/10/2019 04/10/2019 Libros